000 00418nam a2200145 a 4500
005 20140412111416.0
008 070806s19uu xx 00 eng d
050 _aTR(GS 372.4
_bPa221 1981
245 _aThe letter people :
_bParents reference guide.
260 _aU.S.A :
_bWorld book,
_c1981.
300 _a64
440 _aA world book- Childcraft reading readiness program
650 _aReading
999 _c105864
_d105864